| Tag |
First Indicator |
Second Indicator |
Subfields |
| LEADER |
00000cem a2200000 a 4500 |
| 001 |
in00001115744 |
| 005 |
20150930061959.0 |
| 007 |
aj canzn |
| 008 |
930119s1992 vauag bh a f 0 eng d |
| 010 |
|
|
|a gp 93064522
|
| 034 |
1 |
|
|a a
|b 25000
|d W1325000
|e W1324000
|f N0564500
|g N0563730
|
| 035 |
|
|
|a (OCoLC)27289411
|
| 035 |
|
|
|9 AFV3434AM
|
| 040 |
|
|
|a GPO
|c GPO
|d DLC
|d UtOrBLW
|
| 052 |
|
|
|a 4371
|
| 074 |
|
|
|a 0619-M-02
|
| 086 |
0 |
|
|a I 19.81:56132-F 6-TM-025/992
|
| 090 |
|
|
|a G4371.C1 s25 .U5 5632-C3-NE
|
| 110 |
2 |
|
|a Geological Survey (U.S.)
|
| 245 |
1 |
0 |
|a Petersburg (C-3) NE quadrangle, Alaska :
|b 1:25 000-scale series (topographic) /
|c produced by the United States Geological Survey.
|
| 250 |
|
|
|a Provisional ed. 1992.
|
| 255 |
|
|
|a Scale 1:25,000 ;
|b universal transverse Mercator proj.
|c (W 13250ʹ00ʺ--W 13240ʹ00ʺ/N 5645ʹ00ʺ--N 5637ʹ30ʺ).
|
| 264 |
|
1 |
|a Reston, Va. :
|b The Survey ;
|c 1992.
|
| 264 |
|
2 |
|a Denver, Colo. :
|b For sale by the Survey,
|
| 300 |
|
|
|a 1 map :
|b color ;
|c 54 x 44 cm.
|
| 336 |
|
|
|a cartographic image
|b cri
|2 rdacontent
|
| 337 |
|
|
|a unmediated
|b n
|2 rdamedia
|
| 338 |
|
|
|a sheet
|b nb
|2 rdacarrier
|
| 500 |
|
|
|a Relief shown by contours and spot heights.
|
| 500 |
|
|
|a Filing title: Petersburg (C-3) NE, Alaska.
|
| 500 |
|
|
|a "Compiled from aerial photographs taken 1982, field checked 1986, map edited 1992."
|
| 500 |
|
|
|a Includes quadrangle location map.
|
| 500 |
|
|
|a "56132-F6-TM-025."
|
| 500 |
|
|
|a Cartographic material.
|
| 651 |
|
0 |
|a Alaska
|x Maps, Topographic.
|
| 740 |
0 |
|
|a Petersburg (C-3) NE, Alaska.
|
| 999 |
|
|
|a MARS
|
| 999 |
f |
f |
|s 2307e023-0f48-3cb0-9405-319edab40658
|i b89661c7-2d09-31a7-a778-e67138d9a2df
|t 0
|
| 952 |
f |
f |
|p normal
|a Texas A&M University
|b College Station
|c Sterling C. Evans Library
|d Evans: Maps (2nd floor)
|t 0
|e G4371.C1 s25 .U5 5632-C3-NE
|h Library of Congress classification
|i unmediated -- sheet
|m A14818133000
|
| 998 |
f |
f |
|a G4371.C1 s25 .U5 5632-C3-NE
|t 0
|l Evans: Maps (2nd floor)
|